000
00279nam a2200121Ia 4500
008
190216s9999||||xx |||||||||||||| ||und||
100
_a
Sudeesh Sharan
245
0
_a
Hindi-Kargil Ke Shahid
260
_b
Adhunik Prakashan
_c
2012
300
_a
144
650
_a
Hindi
942
_c
BK
999
_c
16846
_d
16846